[Event "DFMMLV 2019"]
[Site "Braunfels"]
[Date "2019.06.22"]
[Round "4.38"]
[White "Zell, Mirjam"]
[Black "Orschiedt-Eghbali, Anke"]
[Result "1-0"]
[WhiteElo "1660"]
[BlackElo "1551"]
[Annotator "NA"]
[PlyCount "79"]
[EventDate "2019.06.20"]
[EventType "team-tourn"]
[EventCountry "GER"]
[SourceTitle "playchess.com"]
[Source "ChessBase"]
[SourceQuality "1"]
[WhiteTeam "Wuerttemberg 2"]
[BlackTeam "Rheinland Pfalz"]
[TimeControl "40/5400+30:1800+30"]

1. e4 {[%emt 0:00:00]} g6 {[%emt 0:00:00]} 2. g3 {[%emt 0:00:02]} c6 {[%emt 0:00:28]} 3. Bg2 {[%emt 0:00:31]} d5 {[%emt 0:02:19]} 4. d4 {[%emt 0:02:03]} dxe4 {[%emt 0:04:45]} 5. Bxe4 {[%emt 0:00:12]} Nf6 {[%emt 0:01:35]} 6. Bg2 {[%emt 0:00:45]} Bg7 {[%emt 0:00:37]} 7. c3 {[%emt 0:02:49]} O-O {[%emt 0:01:14]} 8. Nf3 {[%emt 0:00:28]} Bg4 {[%emt 0:00:26]} 9. O-O {[%emt 0:01:43]} Nbd7 {[%emt 0:02:55]} 10. Re1 {[%emt 0:07:58]} Re8 {[%emt 0:06:36]} 11. h3 {[%emt 0:05:11]} Bxf3 {[%emt 0:06:04]} 12. Qxf3 {[%emt 0:05:32]} Qb6 {[%emt 0:09:04]} 13. Nd2 {[%emt 0:06:00]} e6 {[%emt 0:14:20]} 14. Nc4 {[%emt 0:11:46]} Qa6 {[%emt 0:02:27]} 15. Bf1 {[%emt 0:14:25]} Rf8 {[%emt 0:05:33]} 16. Bg5 {[%emt 0:09:17]} b5 {[%emt 0:03:55]} 17. Nd6 {[%emt 0:02:53]} h6 {[%emt 0:05:27]} 18. Bxf6 {[%emt 0:05:02]} Nxf6 {[%emt 0:03:20]} 19. a4 {[%emt 0:03:23]} Qb6 {[%emt 0:06:16]} 20. axb5 {[%emt 0:01:35]} cxb5 {[%emt 0:00:43]} 21. Nxb5 {[%emt 0:00:26]} a6 {[%emt 0:02:36]} 22. Reb1 {[%emt 0:01:42]} Nd5 {[%emt 0:04:20]} 23. Na3 {[%emt 0:00:49]} Rfc8 {[%emt 0:03:28]} 24. Nc4 {[%emt 0:02:40]} Qc7 {[%emt 0:05:15]} 25. Ne3 {[%emt 0:01:01]} Nxe3 {[%emt 0:00:45]} 26. Qxe3 {[%emt 0:00:12]} a5 {[%emt 0:00:42]} 27. Ra4 {[%emt 0:01:09]} Rcb8 {[%emt 0:01:20]} 28. Qd2 {[%emt 0:02:32]} Bf8 {[%emt 0:02:13]} 29. Rba1 {[%emt 0:01:31]} Ra7 {[%emt 0:03:40]} 30. b4 {[%emt 0:01:32]} Rba8 {[%emt 0:00:32]} 31. Bg2 {[%emt 0:07:09]} Rc8 {[%emt 0:00:08]} 32. Rxa5 {[%emt 0:00:13]} Rxa5 {[%emt 0:00:15]} 33. bxa5 {[%emt 0:00:14]} Qa7 {[%emt 0:00:58]} 34. a6 {[%emt 0:00:55]} Kg7 {[%emt 0:00:14]} 35. Bb7 {[%emt 0:01:31]} Rc7 {[%emt 0:00:54]} 36. Rb1 {[%emt 0:00:17]} Bd6 {[%emt 0:01:13]} 37. Qe3 {[%emt 0:00:50]} Rc4 {[%emt 0:00:39]} 38. Qd3 {[%emt 0:00:47]} Ra4 {[%emt 0:00:30]} 39. Qb5 {[%emt 0:00:59]} Ra3 {[%emt 0:00:23]} 40. Qb6 {[%emt 0:00:31]} 1-0

[Event "DFMMLV 2019"]
[Site "Braunfels"]
[Date "2019.06.22"]
[Round "4.39"]
[White "Perovic-Ottstadt, Sanja"]
[Black "Zell, Hannah"]
[Result "1/2-1/2"]
[WhiteElo "1593"]
[BlackElo "1473"]
[Annotator "NA"]
[PlyCount "43"]
[EventDate "2019.06.20"]
[EventType "team-tourn"]
[EventCountry "GER"]
[SourceTitle "playchess.com"]
[Source "ChessBase"]
[SourceQuality "1"]
[WhiteTeam "Rheinland Pfalz"]
[BlackTeam "Wuerttemberg 2"]
[TimeControl "40/5400+30:1800+30"]

1. d4 {[%emt 0:00:00]} Nf6 {[%emt 0:00:53]} 2. Nf3 {[%emt 0:00:00]} d5 {[%emt 0:00:13]} 3. e3 {[%emt 0:00:03]} e6 {[%emt 0:00:44]} 4. Bd3 {[%emt 0:00:14]} c5 {[%emt 0:01:51]} 5. c3 {[%emt 0:00:13]} Nbd7 {[%emt 0:03:38]} 6. O-O {[%emt 0:00:48]} b6 {[%emt 0:02:35]} 7. Nbd2 {[%emt 0:00:55]} Bb7 {[%emt 0:01:22]} 8. Re1 {[%emt 0:00:32]} Be7 {[%emt 0:00:11]} 9. e4 {[%emt 0:02:03]} dxe4 {[%emt 0:01:50]} 10. Nxe4 {[%emt 0:00:23]} Nxe4 {[%emt 0:01:49]} 11. Bxe4 {[%emt 0:00:10]} Bxe4 {[%emt 0:00:07]} 12. Rxe4 {[%emt 0:00:09]} Nf6 {[%emt 0:00:21]} 13. Re1 {[%emt 0:00:18]} O-O {[%emt 0:01:59]} 14. Bg5 {[%emt 0:01:39]} Rc8 {[%emt 0:01:02]} 15. dxc5 {[%emt 0:01:55]} Rxc5 {[%emt 0:02:47]} 16. Bh4 {[%emt 0:03:22]} Qc8 {[%emt 0:10:12]} 17. Qe2 {[%emt 0:03:24]} Rd8 {[%emt 0:01:22]} 18. Rad1 {[%emt 0:00:45]} Rcd5 {[%emt 0:02:13]} 19. Rxd5 {[%emt 0:04:31]} Rxd5 {[%emt 0:02:16]} 20. Rd1 {[%emt 0:00:38]} Qd8 {[%emt 0:03:39]} 21. Rxd5 {[%emt 0:03:55]} Nxd5 {[%emt 0:03:06]} 22. Bxe7 {[%emt 0:04:19]} 1/2-1/2

[Event "DFMMLV 2019"]
[Site "Braunfels"]
[Date "2019.06.22"]
[Round "4.40"]
[White "Krotsch, Maxi"]
[Black "Boos-Guckes, Astrid"]
[Result "1/2-1/2"]
[WhiteElo "942"]
[BlackElo "1329"]
[Annotator "NA"]
[PlyCount "106"]
[EventDate "2019.06.20"]
[EventType "team-tourn"]
[EventCountry "GER"]
[SourceTitle "playchess.com"]
[Source "ChessBase"]
[SourceQuality "1"]
[WhiteTeam "Wuerttemberg 2"]
[BlackTeam "Rheinland Pfalz"]
[TimeControl "40/5400+30:1800+30"]

1. e4 {[%emt 0:00:00]} e6 {[%emt 0:00:05]} 2. d4 {[%emt 0:00:00]} d5 {[%emt 0:00:23]} 3. e5 {[%emt 0:00:12]} c5 {[%emt 0:01:03]} 4. c3 {[%emt 0:00:35]} Qb6 {[%emt 0:01:14]} 5. Nf3 {[%emt 0:01:06]} Bd7 {[%emt 0:00:47]} 6. g3 {[%emt 0:01:40]} Bb5 {[%emt 0:01:53]} 7. Bxb5+ {[%emt 0:01:01]} Qxb5 {[%emt 0:00:34]} 8. a4 {[%emt 0:01:25]} Qc6 {[%emt 0:05:38]} 9. O-O {[%emt 0:00:29]} Nd7 {[%emt 0:01:50]} 10. Nbd2 {[%emt 0:04:11]} Ne7 {[%emt 0:03:16]} 11. b3 {[%emt 0:03:44]} Nf5 {[%emt 0:01:33]} 12. Ba3 {[%emt 0:03:23]} Be7 {[%emt 0:01:28]} 13. Rc1 {[%emt 0:01:33]} O-O {[%emt 0:00:47]} 14. b4 {[%emt 0:00:59]} c4 {[%emt 0:01:55]} 15. b5 {[%emt 0:00:22]} Qc7 {[%emt 0:06:26]} 16. Bxe7 {[%emt 0:00:34]} Nxe7 {[%emt 0:00:24]} 17. Qc2 {[%emt 0:00:12]} h6 {[%emt 0:03:18]} 18. g4 {[%emt 0:00:41]} f6 {[%emt 0:12:07]} 19. Rce1 {[%emt 0:01:43]} fxe5 {[%emt 0:12:06]} 20. dxe5 {[%emt 0:00:25]} Rf4 {[%emt 0:03:12]} 21. h3 {[%emt 0:01:46]} Nf8 {[%emt 0:05:22]} 22. Kh2 Nfg6 {[%emt 0:02:21]} 23. Rg1 {[%emt 0:03:39]} Raf8 {[%emt 0:05:10]} 24. Rg3 {[%emt 0:00:50]} Qc5 {[%emt 0:03:26]} 25. Rf1 {[%emt 0:01:08]} Qc7 {[%emt 0:05:06]} 26. Kg2 {[%emt 0:01:40]} Nxe5 {[%emt 0:01:22]} 27. Nxe5 {[%emt 0:00:30]} Qxe5 {[%emt 0:01:32]} 28. Nf3 {[%emt 0:00:16]} Qe4 {[%emt 0:03:00]} 29. Qxe4 {[%emt 0:00:37]} dxe4 {[%emt 0:02:41]} 30. Nd4 {[%emt 0:00:13]} e5 {[%emt 0:01:20]} 31. Ne6 {[%emt 0:00:10]} Ng6 {[%emt 0:03:20]} 32. Nxf8 {[%emt 0:00:27]} Nh4+ {[%emt 0:00:30]} 33. Kh1 {[%emt 0:00:33]} Rxf8 {[%emt 0:02:25]} 34. Re3 {[%emt 0:00:22]} Rf3 {[%emt 0:04:14]} 35. Rxe4 {[%emt 0:01:46]} Rxh3+ {[%emt 0:00:39]} 36. Kg1 {[%emt 0:00:27]} Nf3+ {[%emt 0:02:05]} 37. Kg2 Ng5 {[%emt 0:00:57]} 38. Rxe5 {[%emt 0:00:56]} Rxc3 {[%emt 0:01:24]} 39. Re8+ {[%emt 0:00:31]} Kh7 {[%emt 0:00:16]} 40. Re7 {[%emt 0:00:17]} Kg6 41. Rxb7 Ra3 {[%emt 0:31:44]} 42. Rxa7 {[%emt 0:30:28]} c3 {[%emt 0:00:25]} 43. b6 {[%emt 0:00:16]} c2 {[%emt 0:00:00]} 44. b7 {[%emt 0:00:00]} Rb3 {[%emt 0:00:00]} 45. a5 {[%emt 0:00:00]} Rb1 {[%emt 0:00:00]} 46. Ra6+ Kh7 {[%emt 0:00:00]} 47. Rb6 {[%emt 0:00:00]} Rxf1 {[%emt 0:00:00]} 48. Kxf1 {[%emt 0:00:00]} c1=Q+ 49. Kg2 Qc5 {[%emt 0:00:00]} 50. b8=Q {[%emt 0:00:00]} Qd5+ {[%emt 0:00:00]} 51. Kf1 {[%emt 0:00:00]} Qd1+ {[%emt 0:00:00]} 52. Kg2 Qd5+ {[%emt 0:00:00]} 53. Kg3 {[%emt 0:00:00]} Qd3+ {[%emt 0:00:00] Kh3 Qxh3} 1/2-1/2

[Event "DFMMLV 2019"]
[Site "Braunfels"]
[Date "2019.06.22"]
[Round "4.41"]
[White "Tornay, Haizea"]
[Black "Kushka, Alena"]
[Result "0-1"]
[WhiteElo "1598"]
[BlackElo "2148"]
[Annotator "NA"]
[PlyCount "48"]
[EventDate "2019.06.20"]
[EventType "team-tourn"]
[EventCountry "GER"]
[SourceTitle "playchess.com"]
[Source "ChessBase"]
[SourceQuality "1"]
[WhiteTeam "Hessen 2"]
[BlackTeam "Hessen 1"]
[TimeControl "40/5400+30:1800+30"]

1. e4 {[%emt 0:00:00]} c5 {[%emt 0:00:00]} 2. Nc3 {[%emt 0:00:00]} Nc6 {[%emt 0:00:00]} 3. f4 {[%emt 0:00:00]} e6 {[%emt 0:01:03]} 4. Nf3 {[%emt 0:01:03]} d5 {[%emt 0:00:38]} 5. Bb5 {[%emt 0:01:08]} d4 {[%emt 0:02:25]} 6. Bxc6+ {[%emt 0:02:45]} bxc6 {[%emt 0:00:14]} 7. Nb1 {[%emt 0:05:13]} Nf6 {[%emt 0:02:25]} 8. d3 {[%emt 0:02:45]} Ba6 {[%emt 0:05:50]} 9. Na3 {[%emt 0:15:33]} c4 {[%emt 0:17:45]} 10. Nxc4 {[%emt 0:03:38]} Bxc4 {[%emt 0:07:56]} 11. dxc4 {[%emt 0:01:05]} Qa5+ {[%emt 0:02:47]} 12. Bd2 {[%emt 0:04:41]} Qb6 {[%emt 0:02:56]} 13. e5 {[%emt 0:16:07]} Ne4 {[%emt 0:00:49]} 14. Qe2 {[%emt 0:04:47]} Nxd2 {[%emt 0:01:54]} 15. Nxd2 {[%emt 0:05:00]} Qxb2 {[%emt 0:10:54]} 16. Nb3 {[%emt 0:02:44]} Bb4+ {[%emt 0:05:52]} 17. Kf2 {[%emt 0:01:28]} O-O {[%emt 0:01:13]} 18. Qd3 {[%emt 0:04:06]} Rad8 {[%emt 0:10:19]} 19. Rhd1 {[%emt 0:05:02]} f6 {[%emt 0:02:01]} 20. exf6 {[%emt 0:05:39]} Rxf6 {[%emt 0:00:07]} 21. Qe4 {[%emt 0:01:33]} d3 {[%emt 0:05:13]} 22. Rdb1 {[%emt 0:06:44]} Qxc2+ {[%emt 0:00:53]} 23. Kg1 {[%emt 0:01:38]} Qe2 {[%emt 0:00:49]} 24. Qxc6 {[%emt 0:00:58]} Bc3 {[%emt 0:01:00]} 0-1

[Event "DFMMLV 2019"]
[Site "Braunfels"]
[Date "2019.06.22"]
[Round "4.42"]
[White "Rieseler, Caroline"]
[Black "Krausse, Vanessa"]
[Result "1-0"]
[WhiteElo "2111"]
[BlackElo "1645"]
[Annotator "NA"]
[PlyCount "56"]
[EventDate "2019.06.20"]
[EventType "team-tourn"]
[EventCountry "GER"]
[SourceTitle "playchess.com"]
[Source "ChessBase"]
[SourceQuality "1"]
[WhiteTeam "Hessen 1"]
[BlackTeam "Hessen 2"]
[TimeControl "40/5400+30:1800+30"]

1. e4 {[%emt 0:00:00]} c5 {[%emt 0:00:00]} 2. Nf3 {[%emt 0:00:00]} Nc6 {[%emt 0:00:53]} 3. d4 {[%emt 0:00:00]} cxd4 {[%emt 0:00:11]} 4. Nxd4 {[%emt 0:00:00]} d6 {[%emt 0:00:14]} 5. Nc3 {[%emt 0:01:49]} Nf6 {[%emt 0:00:36]} 6. Be2 {[%emt 0:00:48]} g6 {[%emt 0:00:49]} 7. O-O {[%emt 0:00:46]} Bg7 {[%emt 0:00:13]} 8. Nb3 {[%emt 0:00:24]} O-O {[%emt 0:00:49]} 9. Bg5 {[%emt 0:00:28]} a6 {[%emt 0:04:23]} 10. f4 {[%emt 0:00:14]} Bd7 {[%emt 0:02:15]} 11. Bf3 {[%emt 0:03:57]} Rc8 12. Kh1 {[%emt 0:08:54]} b5 {[%emt 0:12:38]} 13. Qe1 {[%emt 0:23:55]} b4 {[%emt 0:21:32]} 14. Nd5 a5 15. c3 {[%emt 0:17:15]} e6 {[%emt 0:05:24]} 16. Ne3 {[%emt 0:01:36]} bxc3 {[%emt 0:00:24]} 17. bxc3 {[%emt 0:00:14]} Ne7 {[%emt 0:02:39]} 18. Qh4 {[%emt 0:04:09]} a4 {[%emt 0:15:10]} 19. Nd2 {[%emt 0:12:55]} Rxc3 {[%emt 0:07:48]} 20. Rae1 {[%emt 0:01:21]} Qb6 {[%emt 0:05:30]} 21. Ndc4 {[%emt 0:05:26]} Qd4 {[%emt 0:05:00]} 22. Rd1 {[%emt 0:00:09]} Rd3 {[%emt 0:00:25]} 23. Rxd3 {[%emt 0:00:13]} Qxd3 {[%emt 0:00:07]} 24. Bxf6 {[%emt 0:00:09]} Bxf6 {[%emt 0:00:09]} 25. Qxf6 {[%emt 0:00:09]} Rb8 {[%emt 0:04:29]} 26. Qa1 {[%emt 0:03:12]} Bb5 27. Rd1 Bxc4 28. Rxd3 Bxd3 1-0

[Event "DFMMLV 2019"]
[Site "Braunfels"]
[Date "2019.06.22"]
[Round "4.42"]
[White "Rieseler, Caroline"]
[Black "Tornay, Haizea"]
[Result "*"]
[WhiteElo "2111"]
[BlackElo "1598"]
[Annotator "NA"]
[PlyCount "20"]
[EventDate "2019.06.20"]
[EventType "team-tourn"]
[EventCountry "GER"]
[SourceTitle "playchess.com"]
[Source "ChessBase"]
[SourceQuality "1"]
[WhiteTeam "Hessen 1"]
[BlackTeam "Hessen 2"]
[TimeControl "40/5400+30:1800+30"]

1. e4 {[%emt 0:00:00]} c5 {[%emt 0:00:00]} 2. Nf3 {[%emt 0:00:00]} Nc6 {[%emt 0:00:53]} 3. d4 {[%emt 0:00:00]} cxd4 {[%emt 0:00:11]} 4. Nxd4 {[%emt 0:00:00]} d6 {[%emt 0:00:14]} 5. Nc3 {[%emt 0:01:49]} Nf6 {[%emt 0:00:36]} 6. Be2 {[%emt 0:00:48]} g6 {[%emt 0:00:49]} 7. O-O {[%emt 0:00:46]} Bg7 {[%emt 0:00:13]} 8. Nb3 {[%emt 0:00:24]} O-O {[%emt 0:00:49]} 9. Bg5 {[%emt 0:00:28]} a6 {[%emt 0:04:23]} 10. f4 {[%emt 0:00:14]} Bd7 {[%emt 0:02:15]} *

[Event "DFMMLV 2019"]
[Site "Braunfels"]
[Date "2019.06.22"]
[Round "4.43"]
[White "Schardt, Madeleine"]
[Black "Bluebaum, Johanna"]
[Result "0-1"]
[WhiteElo "1578"]
[BlackElo "2003"]
[Annotator "NA"]
[PlyCount "86"]
[EventDate "2019.06.20"]
[EventType "team-tourn"]
[EventCountry "GER"]
[SourceTitle "playchess.com"]
[Source "ChessBase"]
[SourceQuality "1"]
[WhiteTeam "Hessen 2"]
[BlackTeam "Hessen 1"]
[TimeControl "40/5400+30:1800+30"]

1. d4 {[%emt 0:00:00]} d5 {[%emt 0:00:00]} 2. Bf4 {[%emt 0:00:00]} c5 {[%emt 0:00:28]} 3. c3 {[%emt 0:00:00]} Nc6 {[%emt 0:00:08]} 4. e3 {[%emt 0:00:25]} Bf5 {[%emt 0:01:19]} 5. Nf3 {[%emt 0:02:40]} e6 {[%emt 0:02:03]} 6. Bd3 {[%emt 0:04:51]} Bxd3 {[%emt 0:01:03]} 7. Qxd3 {[%emt 0:00:06]} Nf6 {[%emt 0:00:24]} 8. Nbd2 {[%emt 0:00:32]} Be7 {[%emt 0:00:40]} 9. Ne5 {[%emt 0:05:37]} O-O {[%emt 0:08:36]} 10. Ndf3 {[%emt 0:01:41]} Nh5 {[%emt 0:06:13]} 11. Bg3 {[%emt 0:01:42]} f6 {[%emt 0:01:25]} 12. Nxc6 {[%emt 0:02:16]} bxc6 {[%emt 0:00:08]} 13. Qa6 {[%emt 0:03:45]} Qd7 {[%emt 0:06:31]} 14. Bh4 {[%emt 0:02:12]} g6 {[%emt 0:00:59]} 15. g4 {[%emt 0:03:15]} Ng7 {[%emt 0:00:08]} 16. h3 {[%emt 0:03:08]} Rab8 {[%emt 0:01:38]} 17. Rb1 {[%emt 0:03:27]} Rb6 {[%emt 0:00:36]} 18. Qe2 {[%emt 0:01:05]} c4 {[%emt 0:05:03]} 19. Bg3 {[%emt 0:02:00]} Qb7 {[%emt 0:02:12]} 20. h4 {[%emt 0:02:16]} Qa6 {[%emt 0:02:25]} 21. b4 {[%emt 0:09:24]} Qa3 {[%emt 0:02:39]} 22. Qc2 {[%emt 0:01:21]} Rc8 {[%emt 0:06:40]} 23. g5 {[%emt 0:04:38]} f5 {[%emt 0:01:50]} 24. Ne5 {[%emt 0:02:26]} a5 {[%emt 0:01:25]} 25. Nd7 {[%emt 0:06:16]} Rb5 {[%emt 0:01:27]} 26. O-O {[%emt 0:02:38]} axb4 {[%emt 0:00:26]} 27. cxb4 {[%emt 0:00:18]} Ra8 {[%emt 0:02:59]} 28. Nc5 {[%emt 0:01:43]} Kf7 {[%emt 0:03:22]} 29. Qb2 {[%emt 0:03:35]} Qxb2 {[%emt 0:07:59]} 30. Rxb2 {[%emt 0:00:10]} Bxc5 {[%emt 0:00:51]} 31. dxc5 {[%emt 0:00:07]} f4 {[%emt 0:04:12]} 32. Bxf4 {[%emt 0:02:06]} Nf5 {[%emt 0:01:04]} 33. Be5 {[%emt 0:01:52]} Nxh4 {[%emt 0:01:18]} 34. f4 {[%emt 0:03:50]} Nf5 {[%emt 0:02:36]} 35. Kf2 {[%emt 0:00:55]} Ra3 {[%emt 0:00:52]} 36. Rh1 {[%emt 0:02:02]} Kg8 37. Bd4 {[%emt 0:01:12]} Rb7 {[%emt 0:02:18]} 38. Rc1 {[%emt 0:01:10]} Nxd4 {[%emt 0:05:22]} 39. exd4 {[%emt 0:00:09]} Rf7 {[%emt 0:00:26]} 40. Re2 {[%emt 0:00:57]} Rxf4+ {[%emt 0:00:09]} 41. Ke1 {[%emt 0:30:22]} Kf7 {[%emt 0:32:03]} 42. Rf2 {[%emt 0:00:43]} Rxf2 {[%emt 0:00:18]} 43. Kxf2 {[%emt 0:00:03]} Rxa2+ 0-1

[Event "DFMMLV 2019"]
[Site "Braunfels"]
[Date "2019.06.22"]
[Round "4.44"]
[White "Barpiyeva, Gulsana"]
[Black "Schwegler, Jelena"]
[Result "1-0"]
[WhiteElo "2018"]
[BlackElo "1511"]
[Annotator "NA"]
[PlyCount "51"]
[EventDate "2019.06.20"]
[EventType "team-tourn"]
[EventCountry "GER"]
[SourceTitle "playchess.com"]
[Source "ChessBase"]
[SourceQuality "1"]
[WhiteTeam "Hessen 1"]
[BlackTeam "Hessen 2"]
[TimeControl "40/5400+30:1800+30"]

1. d4 {[%emt 0:00:00]} Nf6 {[%emt 0:00:00]} 2. c4 {[%emt 0:00:00]} g6 {[%emt 0:00:00]} 3. Nc3 {[%emt 0:00:00]} Bg7 {[%emt 0:00:00]} 4. e4 {[%emt 0:00:00]} d6 {[%emt 0:00:05]} 5. f3 {[%emt 0:00:19]} O-O {[%emt 0:00:45]} 6. Be3 {[%emt 0:00:30]} Nbd7 {[%emt 0:01:05]} 7. Nh3 {[%emt 0:00:30]} c5 {[%emt 0:02:41]} 8. d5 {[%emt 0:00:24]} Ne5 {[%emt 0:07:10]} 9. Nf2 {[%emt 0:01:00]} e6 {[%emt 0:09:52]} 10. Be2 {[%emt 0:07:55]} Qe7 {[%emt 0:03:54]} 11. Qd2 {[%emt 0:00:59]} exd5 {[%emt 0:15:51]} 12. cxd5 {[%emt 0:01:51]} a6 {[%emt 0:02:14]} 13. a4 {[%emt 0:01:26]} Nh5 {[%emt 0:07:08]} 14. f4 {[%emt 0:05:50]} Nd7 {[%emt 0:09:35]} 15. g4 {[%emt 0:00:38]} Nhf6 {[%emt 0:00:50]} 16. h4 {[%emt 0:00:52]} b6 {[%emt 0:02:40]} 17. O-O-O {[%emt 0:04:05]} Bb7 {[%emt 0:07:50]} 18. h5 {[%emt 0:01:51]} b5 {[%emt 0:11:49]} 19. g5 {[%emt 0:04:31]} Ne8 {[%emt 0:00:54]} 20. hxg6 {[%emt 0:01:27]} fxg6 {[%emt 0:00:16]} 21. Bg4 {[%emt 0:02:52]} b4 {[%emt 0:00:31]} 22. Be6+ {[%emt 0:02:34]} Rf7 {[%emt 0:02:22]} 23. Nb1 {[%emt 0:00:45]} Nc7 {[%emt 0:00:42]} 24. Bxf7+ {[%emt 0:00:18]} Qxf7 {[%emt 0:00:07]} 25. Ng4 {[%emt 0:00:52]} Kh8 {[%emt 0:00:46]} 26. Qh2 {[%emt 0:01:45]} 1-0

[Event "DFMMLV 2019"]
[Site "Braunfels"]
[Date "2019.06.22"]
[Round "4.44"]
[White "Lukas, Anne"]
[Black "Schwegler, Jelena"]
[Result "*"]
[WhiteElo "1842"]
[BlackElo "1511"]
[Annotator "NA"]
[PlyCount "35"]
[EventDate "2019.06.20"]
[EventType "team-tourn"]
[EventCountry "GER"]
[SourceTitle "playchess.com"]
[Source "ChessBase"]
[SourceQuality "1"]
[WhiteTeam "Hessen 1"]
[BlackTeam "Hessen 2"]
[TimeControl "40/5400+30:1800+30"]

1. d4 {[%emt 0:00:00]} Nf6 {[%emt 0:00:00]} 2. c4 {[%emt 0:00:00]} g6 {[%emt 0:00:00]} 3. Nc3 {[%emt 0:00:00]} Bg7 {[%emt 0:00:00]} 4. e4 {[%emt 0:00:00]} d6 {[%emt 0:00:05]} 5. f3 {[%emt 0:00:19]} O-O {[%emt 0:00:45]} 6. Be3 {[%emt 0:00:30]} Nbd7 {[%emt 0:01:05]} 7. Nh3 {[%emt 0:00:30]} c5 {[%emt 0:02:41]} 8. d5 {[%emt 0:00:24]} Ne5 {[%emt 0:07:10]} 9. Nf2 {[%emt 0:01:00]} e6 {[%emt 0:09:52]} 10. Be2 {[%emt 0:07:55]} Qe7 {[%emt 0:03:54]} 11. Qd2 {[%emt 0:00:59]} exd5 {[%emt 0:15:51]} 12. cxd5 {[%emt 0:01:51]} a6 {[%emt 0:02:14]} 13. a4 {[%emt 0:01:26]} Nh5 {[%emt 0:07:08]} 14. f4 {[%emt 0:05:50]} Nd7 {[%emt 0:09:35]} 15. g4 {[%emt 0:00:38]} Nhf6 {[%emt 0:00:50]} 16. h4 {[%emt 0:00:52]} b6 {[%emt 0:02:40]} 17. O-O-O {[%emt 0:04:05]} Bb7 {[%emt 0:07:50]} 18. h5 {[%emt 0:01:51]} *

[Event "DFMMLV 2019"]
[Site "Braunfels"]
[Date "2019.06.22"]
[Round "4.45"]
[White "Goetz, Fenja"]
[Black "Lukas, Anne"]
[Result "0-1"]
[WhiteElo "1528"]
[BlackElo "1842"]
[Annotator "NA"]
[PlyCount "54"]
[EventDate "2019.06.20"]
[EventType "team-tourn"]
[EventCountry "GER"]
[SourceTitle "playchess.com"]
[Source "ChessBase"]
[SourceQuality "1"]
[WhiteTeam "Hessen 2"]
[BlackTeam "Hessen 1"]
[TimeControl "40/5400+30:1800+30"]

1. e4 {[%emt 0:00:00]} c5 {[%emt 0:00:00]} 2. Nf3 {[%emt 0:00:00]} g6 {[%emt 0:00:00]} 3. d4 {[%emt 0:00:00]} cxd4 {[%emt 0:00:00]} 4. Nxd4 {[%emt 0:00:00]} Bg7 {[%emt 0:00:00]} 5. Nc3 {[%emt 0:00:12]} Nc6 {[%emt 0:00:04]} 6. Be3 {[%emt 0:00:09]} Nf6 {[%emt 0:00:06]} 7. f3 {[%emt 0:00:23]} d6 {[%emt 0:00:05]} 8. Bc4 {[%emt 0:02:46]} O-O {[%emt 0:00:08]} 9. Qd2 {[%emt 0:00:12]} Bd7 {[%emt 0:00:20]} 10. O-O-O {[%emt 0:02:18]} Na5 {[%emt 0:00:11]} 11. Be2 {[%emt 0:01:13]} Rc8 {[%emt 0:00:12]} 12. g4 {[%emt 0:00:39]} Nc4 {[%emt 0:00:12]} 13. Bxc4 {[%emt 0:02:12]} Rxc4 {[%emt 0:00:07]} 14. h4 {[%emt 0:01:06]} Qa5 {[%emt 0:02:05]} 15. Nb3 {[%emt 0:01:59]} Qc7 {[%emt 0:01:45]} 16. h5 {[%emt 0:04:07]} b5 {[%emt 0:01:28]} 17. Kb1 {[%emt 0:01:59]} b4 {[%emt 0:01:03]} 18. Ne2 {[%emt 0:00:24]} Rc8 {[%emt 0:02:16]} 19. Rc1 {[%emt 0:02:42]} a5 {[%emt 0:03:05]} 20. hxg6 {[%emt 0:09:01]} fxg6 {[%emt 0:00:17]} 21. g5 {[%emt 0:00:31]} Nh5 {[%emt 0:00:49]} 22. Nf4 {[%emt 0:06:54]} Nxf4 {[%emt 0:00:08]} 23. Bxf4 {[%emt 0:00:11]} a4 {[%emt 0:00:05]} 24. Na1 {[%emt 0:00:14]} a3 {[%emt 0:01:23]} 25. b3 {[%emt 0:00:26]} Rd4 {[%emt 0:06:27]} 26. Qh2 {[%emt 0:00:33]} Qc3 {[%emt 0:00:04]} 27. Qxh7+ {[%emt 0:01:12]} Kf8 {[%emt 0:00:05]} 0-1